000 00568nam a22001817a 4500
005 20231103103857.0
008 231103b |||||||| |||| 00| 0 eng d
020 _a0409019356 ; 0409019364
041 _aEnglish
082 _a346.6 CIL
100 _aCilliers, HS and Benade, ML
_lEnglish
245 _aCompany Law /
_cHS Cilliers and ML Benade
250 _aFourth Edition
260 _aDurban :
_bButterworth Publishers (Pty) Ltd,
_c1982
300 _bxiv, 816 pages ;
_c25 cm.
650 _aLegal practice
_bLaw
942 _cBK
_6ALISON_BN_VRIES
999 _c289
_d289